000 00851 a2200205 4500
999 _c10305
_d10305
020 _a9781788972352
020 _a178897235X
050 0 0 _aKZ1234 RES 2021
100 _aDeplano, Rossana
_eeditor
245 1 0 _aResearch methods in international law :
_ba handbook /
_cedited by Rossana Deplano, Nicholas Tsagourias.
264 1 _aCheltenham, UK ;
_aNorthampton, Massachusetts, USA :
_bEdward Elgar Publishing Limited,
_c2021
300 _axi, 522 pages :
_billustrations ;
500 _aIncludes bibliographical references and index.
504 _aIncludes bibliographical references and index.
650 0 _aInternational law
650 0 _aInternational law
_xMethodology.
700 1 _aTsagourias, Nikolaos K.,
_eeditor.
942 _2lcc
_cBK
_h1234
_iRES
_k2021